000 00459nam a2200181Ia 4500
001 2469
005 20260306144809.0
008 260306t2010||||xx |||||||||||||| ||spa||
041 _aESP
082 _a616.891
_bB24
100 _aBartuilli, Mónica
_eAUT
245 0 _aGuía técnica de intervención logopédica terapia miofuncional
260 _c2010
300 _a270 páginas :
_c21 cm.
650 _aGEN
654 _aCPS
942 _cLIB
_dJUS
_fJUS
_2ddc
_n
999 _c2469
_d2469